[Event "Pardubice op rap 25th"]
[Site "Pardubice"]
[Date "2014.07.16"]
[Round "2"]
[White "Petuchov, Sergej"]
[Black "Horinek, Karel"]
[Result "1-0"]
[WhiteElo "2119"]
[BlackElo "1980"]
[PlyCount "105"]
[EventDate "2014.07.16"]
[EventType "swiss (rapid)"]
[EventRounds "9"]
[EventCountry "CZE"]
[SourceTitle "EXT 2015"]
[Source "ChessBase"]
[SourceDate "2014.11.20"]
[SourceVersion "1"]
[SourceVersionDate "2014.11.20"]
[SourceQuality "1"]

1. e4 e5 2. Nf3 Nc6 3. c3 d5 4. Qa4 Bd7 5. exd5 Nd4 6. Qd1 Nxf3+ 7. Qxf3 Nf6 8.
c4 Bc5 9. d3 Ng4 10. Be3 Nxe3 11. fxe3 O-O 12. Nc3 Qg5 13. Ne4 Qxe3+ 14. Be2
Bb4+ 15. Nc3 Qd4 16. Rc1 f5 17. a3 e4 18. Qf2 e3 19. Qf3 Bxc3+ 20. Rxc3 f4 21.
O-O g5 22. h3 Rae8 23. Kh1 Bf5 24. Qh5 Qg7 25. g3 Bd7 26. gxf4 Rxf4 27. Rxf4
gxf4 28. Rc1 Kh8 29. Rg1 Qf8 30. Qh4 Re7 31. Rf1 Rf7 32. Qh5 Qg7 33. Bf3 Rf5
34. Qh4 Qf6 35. Qxf6+ Rxf6 36. Kg2 Rg6+ 37. Kh2 Rh6 38. Bg2 Rh4 39. Re1 Kg7 40.
d4 Kf6 41. b4 h5 42. c5 Ke7 43. c6 bxc6 44. dxc6 Bf5 45. Bf1 Kd6 46. b5 Kd5 47.
a4 Kxd4 48. a5 f3 49. Kg3 f2 50. Rd1+ Kc3 51. Kxh4 Bc2 52. Rd8 Bd1 53. Rxd1 1-0

[Event "VIE-ch U09 Girls"]
[Site "Ho Chi Minh City"]
[Date "2014.07.15"]
[Round "4"]
[White "Pham, Ngoc Que Tran"]
[Black "Luong, Ngoc Khanh Linh"]
[Result "1-0"]
[WhiteElo "1552"]
[BlackElo "1580"]
[PlyCount "37"]
[EventDate "2014.07.13"]
[EventType "swiss"]
[EventRounds "9"]
[EventCountry "VIE"]
[SourceTitle "EXT 2016"]
[Source "ChessBase"]
[SourceDate "2015.10.10"]
[SourceVersion "1"]
[SourceVersionDate "2015.10.10"]
[SourceQuality "1"]

1. e4 e5 2. Nf3 Nc6 3. c3 Bc5 4. Bc4 Nf6 5. d3 h6 6. O-O O-O 7. h3 d6 8. Re1
Be6 9. Bb5 a6 10. Ba4 b5 11. Bc2 b4 12. d4 exd4 13. cxd4 Nxd4 14. Nxd4 Bxd4 15.
Qxd4 Qc8 16. Qd3 Qb7 17. Bf4 Nh5 18. e5 Nxf4 19. Qh7# 1-0

[Event "Warsaw Najdorf Memorial op-A 12th"]
[Site "Warsaw"]
[Date "2014.07.15"]
[Round "3"]
[White "Polok, Kacper"]
[Black "Korchmar, Vasiliy"]
[Result "1-0"]
[WhiteElo "2215"]
[BlackElo "2352"]
[PlyCount "89"]
[EventDate "2014.07.14"]
[EventType "swiss"]
[EventRounds "9"]
[EventCountry "POL"]
[SourceTitle "CBM 161 Extra"]
[Source "ChessBase"]
[SourceDate "2014.08.29"]
[SourceVersion "1"]
[SourceVersionDate "2014.08.29"]
[SourceQuality "1"]

1. e4 e5 2. Nf3 Nc6 3. c3 d5 4. Qa4 f6 5. Bb5 Nge7 6. exd5 Qxd5 7. O-O Bd7 8.
d4 e4 9. Nfd2 O-O-O 10. Re1 f5 11. Qb3 Qd6 12. f3 exf3 13. Nxf3 h6 14. Na3 g5
15. Nc4 Qf6 16. Be3 a6 17. Bxc6 Bxc6 18. d5 Bxd5 19. Bd4 Qf7 20. Bxh8 Bxc4 21.
Qc2 Ng6 22. Bd4 Bd6 23. Qf2 Bxa2 24. b4 Bc4 25. Nd2 Nf4 26. Nxc4 Qxc4 27. Qf1
Qxf1+ 28. Kxf1 Bxb4 29. Bf6 Rf8 30. Bxg5 hxg5 31. cxb4 Nd3 32. Reb1 c6 33. Rb3
Nf4 34. b5 cxb5 35. Rxb5 Rf6 36. Rc5+ Kb8 37. Rd1 Ka7 38. Rd7 g4 39. Kf2 Ne6
40. Rc6 a5 41. Re7 a4 42. Rexe6 Rxe6 43. Rxe6 b5 44. Ke3 a3 45. Kd3 1-0

[Event "FICS rated standard game"]
[Site "FICS freechess.org"]
[Date "2014.07.15"]
[Round "?"]
[White "drinkeh"]
[Black "DavidFisher"]
[Result "1-0"]
[WhiteElo "2173"]
[BlackElo "2070"]
[PlyCount "73"]
[EventDate "2014.??.??"]
[SourceTitle "OM Portal C 201906"]
[Source "Opening Master"]
[SourceDate "2019.06.27"]
[SourceVersion "1"]
[SourceVersionDate "2019.06.27"]
[SourceQuality "1"]

1. e4 e5 2. Nf3 Nc6 3. c3 Nf6 4. d4 Nxe4 5. d5 Ne7 6. Be3 Ng6 7. Nxe5 Nxe5 8.
Qd4 d6 9. Qxe4 f5 10. Qc2 Be7 11. Nd2 O-O 12. f4 Ng4 13. Bg1 Bh4+ 14. g3 Re8+
15. Be2 Bf6 16. Nf3 Qe7 17. Qd3 b6 18. Kd2 a5 19. Re1 Ba6 20. c4 Qd7 21. Bd4
Qa4 22. Qb3 Qd7 23. Bd3 a4 24. Qc2 g6 25. h3 Bxd4 26. hxg4 Bf2 27. Rxe8+ Rxe8
28. gxf5 Bxg3 29. fxg6 Bxf4+ 30. Kc3 b5 31. Rxh7 Re7 32. Bf5 Re3+ 33. Kb4 c5+
34. Ka5 Qd8+ 35. Kxa6 Qa8+ 36. Ra7 Qc8+ 37. Bxc8 1-0

[Event "corr MS-199"]
[Site "BdF-Schachserver"]
[Date "2014.07.15"]
[Round "?"]
[White "Wittenberg, Gerd"]
[Black "Rimpau, Thomas"]
[Result "1-0"]
[WhiteElo "1937"]
[BlackElo "1985"]
[PlyCount "77"]
[EventDate "2014.07.28"]
[EventType "tourn (corr)"]
[SourceTitle "OM Corr 202003"]
[Source "Opening Master"]
[SourceDate "2019.05.30"]
[SourceVersion "2"]
[SourceVersionDate "2019.05.30"]
[SourceQuality "1"]

1. e4 e5 2. Nf3 Nc6 3. c3 Nf6 4. d4 exd4 5. e5 Nd5 6. cxd4 Bb4+ 7. Nbd2 d6 8.
Bb5 O-O 9. O-O dxe5 10. dxe5 Bg4 11. Bxc6 bxc6 12. a3 Be7 13. Re1 f6 14. Qc2
Qd7 15. h3 Bf5 16. Qc4 Be6 17. Ne4 Rae8 18. Qc2 Bf5 19. Qc4 Be6 20. Bd2 Nb4 21.
Qc3 Nd3 22. exf6 Bxf6 23. Nxf6+ Rxf6 24. Ne5 Nxe5 25. Rxe5 Bd5 26. Rg5 Rfe6 27.
Re1 Rxe1+ 28. Bxe1 g6 29. Qc1 Qf7 30. Bc3 Re2 31. f3 a6 32. Rg4 Qf8 33. Qg5
Qc5+ 34. Rd4 Re1+ 35. Bxe1 Qxd4+ 36. Kh2 Bc4 37. Bg3 Qd7 38. Qf6 Bd3 39. b4 1-0

[Event "SRB Central-ch op-A 7th"]
[Site "Paracin"]
[Date "2014.07.12"]
[Round "9"]
[White "Radovic, Janko"]
[Black "Kuzmanovic, Slobodan"]
[Result "1/2-1/2"]
[WhiteElo "2150"]
[BlackElo "2120"]
[PlyCount "78"]
[EventDate "2014.07.04"]
[EventType "swiss"]
[EventRounds "9"]
[EventCountry "SRB"]
[SourceTitle "CBM 161 Extra"]
[Source "ChessBase"]
[SourceDate "2014.08.29"]
[SourceVersion "1"]
[SourceVersionDate "2014.08.29"]
[SourceQuality "1"]

1. e4 e5 2. Nf3 Nc6 3. c3 Nf6 4. d4 exd4 5. e5 Nd5 6. cxd4 Bb4+ 7. Nbd2 d6 8.
Bb5 dxe5 9. Nxe5 O-O 10. Nxc6 bxc6 11. Bxc6 Ba6 12. Qf3 Qe7+ 13. Kd1 Rad8 14.
a3 Ba5 15. Re1 Qd6 16. Qxd5 Qxd5 17. Bxd5 Rxd5 18. b4 Bb6 19. Nf3 Bxd4 20. Nxd4
Rxd4+ 21. Kc2 Rfd8 22. Be3 Rc4+ 23. Kb2 Bb5 24. Red1 Re8 25. Rac1 a6 26. Kb3
Rxc1 27. Rxc1 Rc8 28. a4 Be2 29. Rc6 Kf8 30. Bb6 Ke8 31. Rxc7 Rxc7 32. Bxc7 h5
33. Be5 g6 34. Kc3 Kd7 35. Kd4 Kc6 36. f4 Bd1 37. a5 Be2 38. Bb8 Bf1 39. g3 Bh3
1/2-1/2

[Event "FICS rated standard game"]
[Site "FICS freechess.org"]
[Date "2014.07.10"]
[Round "?"]
[White "drinkeh"]
[Black "RogerS"]
[Result "1-0"]
[WhiteElo "2150"]
[BlackElo "2173"]
[PlyCount "41"]
[EventDate "2014.??.??"]
[SourceTitle "OM Portal C 201906"]
[Source "Opening Master"]
[SourceDate "2019.06.27"]
[SourceVersion "1"]
[SourceVersionDate "2019.06.27"]
[SourceQuality "1"]

1. e4 e5 2. Nf3 Nc6 3. c3 f5 4. d3 Nf6 5. b4 a6 6. Nbd2 d5 7. a4 dxe4 8. dxe4
fxe4 9. Ng5 Bf5 10. Bc4 Nd5 11. Ndxe4 Bxe4 12. Nxe4 Nf6 13. Qf3 Nxb4 14. Nxf6+
gxf6 15. Qh5+ Kd7 16. Qf5+ Kc6 17. cxb4 Bxb4+ 18. Ke2 Qd4 19. Qe6+ Bd6 20. Be3
Qg4+ 21. Qxg4 1-0

[Event "Styrian op-B"]
[Site "Bad Gleichenberg"]
[Date "2014.07.08"]
[Round "4"]
[White "Wieser, Andreas"]
[Black "Wu, Min"]
[Result "1/2-1/2"]
[WhiteElo "1970"]
[BlackElo "1891"]
[PlyCount "160"]
[EventDate "2014.07.05"]
[EventType "swiss"]
[EventRounds "9"]
[EventCountry "AUT"]
[SourceTitle "EXT 2016"]
[Source "ChessBase"]
[SourceDate "2015.10.10"]
[SourceVersion "1"]
[SourceVersionDate "2015.10.10"]
[SourceQuality "1"]

1. e4 e5 2. Nf3 Nc6 3. c3 d5 4. exd5 Qxd5 5. d3 Bf5 6. Nh4 Be6 7. Qb3 Qxb3 8.
axb3 Bxb3 9. Nd2 Be6 10. b4 Bd6 11. Ne4 Nf6 12. f3 Nxe4 13. fxe4 O-O 14. Be2 a6
15. g4 Ne7 16. Nf5 Bxf5 17. gxf5 c5 18. bxc5 Bxc5 19. Ba3 Rac8 20. Kd2 Bxa3 21.
Rxa3 Rc6 22. Rb1 b5 23. Rba1 Rfc8 24. c4 bxc4 25. dxc4 g6 26. fxg6 Rxg6 27.
Rxa6 Nc6 28. Ra8 Rxa8 29. Rxa8+ Kg7 30. Ra6 Nd4 31. Rxg6+ hxg6 32. c5 Nb3+ 33.
Ke3 Nxc5 34. Bg4 Nb3 35. h4 Kh6 36. Kd3 Nc5+ 37. Ke3 Ne6 38. Kf3 Nf4 39. Kg3
Kg7 40. Kf3 Kf6 41. Kg3 Ke7 42. Kf3 Kd6 43. Kg3 Kc5 44. Kf3 Kd4 45. Bd7 Kd3 46.
Bb5+ Kd2 47. Bc4 f6 48. Bb5 Kc3 49. Bd7 Kd4 50. Be8 Kc4 51. Bd7 Kc5 52. Bg4 Kd4
53. Bd7 g5 54. hxg5 fxg5 55. Bf5 Nd3 56. Bg6 Nc5 57. Kg4 Nxe4 58. Kf5 Nd6+ 59.
Kxg5 Ke3 60. Kf6 Kf4 61. Bc2 Nb5 62. Bb1 Nd4 63. Bd3 Nf3 64. Bc2 Nh2 65. Ke6
Ng4 66. Bf5 Ne3 67. Bb1 Nc4 68. Kd5 Ne3+ 69. Ke6 Nc4 70. Kd5 Nd2 71. Bc2 Nf3
72. Bb1 Nd2 73. Bc2 Nf1 74. Bb1 Ne3+ 75. Ke6 Nd1 76. Bc2 Nc3 77. Bd3 Ne4 78.
Bb1 Nd2 79. Bc2 Nf3 80. Kd5 e4 1/2-1/2

[Event "Viljandi Raud Memorial 48th"]
[Site "Viljandi"]
[Date "2014.07.06"]
[Round "9"]
[White "Kantans, Toms"]
[Black "Maiorov, Nikita"]
[Result "1/2-1/2"]
[WhiteElo "2467"]
[BlackElo "2520"]
[PlyCount "205"]
[EventDate "2014.06.30"]
[EventType "swiss"]
[EventRounds "9"]
[EventCountry "EST"]
[SourceTitle "CBM 161 Extra"]
[Source "ChessBase"]
[SourceDate "2014.08.29"]
[SourceVersion "1"]
[SourceVersionDate "2014.08.29"]
[SourceQuality "1"]

1. e4 e5 2. Nf3 Nc6 3. c3 Nf6 4. d4 exd4 5. e5 Nd5 6. Bb5 Be7 7. O-O O-O 8.
cxd4 d6 9. h3 a6 10. Ba4 Bf5 11. Nc3 Nxc3 12. bxc3 b5 13. Bc2 Bxc2 14. Qxc2
dxe5 15. Qe4 Qd6 16. dxe5 Qg6 17. Qxg6 hxg6 18. a4 b4 19. cxb4 Nxb4 20. Be3 c5
21. Rac1 Nd3 22. Rc3 Rfd8 23. Rb1 Rd5 24. Rb7 Kf8 25. Bg5 Bxg5 26. Nxg5 Nxe5
27. Rc7 Nd7 28. h4 Re8 29. a5 Re1+ 30. Kh2 f6 31. Nh3 Re4 32. Kg3 g5 33. hxg5
fxg5 34. Rc6 Nf6 35. R3xc5 Rxc5 36. Rxc5 g4 37. Ng5 Ra4 38. Rc7 Rxa5 39. Ne6+
Ke8 40. Nxg7+ Kf8 41. Ne6+ Ke8 42. Ra7 Ne4+ 43. Kxg4 Nxf2+ 44. Kf3 Rf5+ 45. Kg3
Ne4+ 46. Kg4 Ra5 47. Kf4 Nf6 48. g4 Nd7 49. g5 Ke7 50. Ng7 Ra1 51. Kf5 a5 52.
Nh5 Kd6 53. g6 Rf1+ 54. Nf4 Rg1 55. Rxa5 Nf8 56. Ra6+ Kc5 57. Ra1 Rg3 58. Ra3
Rg1 59. Ra1 Rg3 60. Rc1+ Kd6 61. Rd1+ Kc5 62. Rd5+ Kc4 63. Rd8 Nxg6 64. Nxg6
Rf3+ 65. Ke4 Rf1 66. Rc8+ Kb5 67. Nf4 Rd1 68. Nd5 Re1+ 69. Kd4 Rd1+ 70. Ke5
Re1+ 71. Kd6 Rd1 72. Rc2 Rh1 73. Rc5+ Ka4 74. Rc4+ Kb3 75. Kc5 Rh5 76. Rf4 Rg5
77. Rf3+ Kc2 78. Kc4 Rg4+ 79. Nf4 Kd2 80. Kd4 Kc2 81. Ke4 Rh4 82. Ke5 Rh2 83.
Ne6 Rh5+ 84. Kd4 Rh4+ 85. Kd5 Rh8 86. Kc4 Kd2 87. Ra3 Rc8+ 88. Kd4 Kc2 89. Rh3
Kb2 90. Nc5 Rd8+ 91. Kc4 Kc2 92. Rh2+ Rd2 93. Rh8 Rg2 94. Ne4 Re2 95. Rh4 Rg2
96. Nc3 Rf2 97. Nd5 Re2 98. Rd4 Rh2 99. Ne3+ Kb2 100. Rd8 Rh4+ 101. Kd3 Kb3
102. Rb8+ Rb4 103. Rxb4+ 1/2-1/2

[Event "Karvina op"]
[Site "Karvina"]
[Date "2014.07.06"]
[Round "9"]
[White "Reznicek, Marcel"]
[Black "Sramek, Tomas"]
[Result "1/2-1/2"]
[WhiteElo "2082"]
[BlackElo "1985"]
[PlyCount "69"]
[EventDate "2014.06.28"]
[EventType "swiss"]
[EventRounds "9"]
[EventCountry "CZE"]
[SourceTitle "CBM 161 Extra"]
[Source "ChessBase"]
[SourceDate "2014.08.29"]
[SourceVersion "1"]
[SourceVersionDate "2014.08.29"]
[SourceQuality "1"]

1. e4 e5 2. Nf3 Nc6 3. c3 d5 4. Qa4 f6 5. Bb5 Nge7 6. exd5 Qxd5 7. d4 Bd7 8.
Be3 exd4 9. cxd4 Ne5 10. Nc3 Nxf3+ 11. gxf3 Bxb5 12. Nxb5 Kd8 13. Rc1 Nc6 14.
Ke2 a6 15. Nc3 Qa5 16. Qb3 Qb4 17. Qc2 Qc4+ 18. Qd3 Qxd3+ 19. Kxd3 Kd7 20. a3
Bd6 21. h4 Ne7 22. h5 f5 23. f4 Ke8 24. Ke2 Kf7 25. Kf3 Rac8 26. d5 c6 27. Bd4
Rhg8 28. dxc6 Nxc6 29. Be3 Bb8 30. Rhd1 Rgd8 31. Bb6 Rxd1 32. Rxd1 Ke6 33. Re1+
Kf7 34. Rd1 Ke6 35. Re1+ 1/2-1/2

[Event "Lazy op 10th"]
[Site "Lazy"]
[Date "2014.07.06"]
[Round "7"]
[White "Woloch, Oskar"]
[Black "Kowalski, Maciej"]
[Result "1/2-1/2"]
[WhiteElo "1929"]
[BlackElo "1984"]
[PlyCount "46"]
[EventDate "2014.06.29"]
[EventType "swiss"]
[EventRounds "9"]
[EventCountry "POL"]
[SourceTitle "CBM 161 Extra"]
[Source "ChessBase"]
[SourceDate "2014.08.29"]
[SourceVersion "1"]
[SourceVersionDate "2014.08.29"]
[SourceQuality "1"]

1. e4 e5 2. Nf3 Nc6 3. c3 d5 4. Qa4 f6 5. Bb5 Nge7 6. exd5 Qxd5 7. O-O e4 8.
Nd4 Bd7 9. Nxc6 Bxc6 10. Bxc6+ bxc6 11. f3 exf3 12. Rxf3 Ng6 13. d4 Kf7 14. Bd2
Bd6 15. Na3 Rhe8 16. Rf2 Re7 17. Nc4 c5 18. Rd1 Rae8 19. Qb3 Kf8 20. Nxd6 Qxb3
21. axb3 cxd6 22. dxc5 dxc5 23. Kf1 Rb8 1/2-1/2

[Event "Lazy op 10th"]
[Site "Lazy"]
[Date "2014.07.06"]
[Round "6"]
[White "Zebracki, Tomasz"]
[Black "Krainski, Aleksander"]
[Result "0-1"]
[WhiteElo "2019"]
[BlackElo "2212"]
[PlyCount "108"]
[EventDate "2014.06.29"]
[EventType "swiss"]
[EventRounds "9"]
[EventCountry "POL"]
[SourceTitle "CBM 161 Extra"]
[Source "ChessBase"]
[SourceDate "2014.08.29"]
[SourceVersion "1"]
[SourceVersionDate "2014.08.29"]
[SourceQuality "1"]

1. e4 e5 2. Nf3 Nc6 3. c3 Nf6 4. d4 exd4 5. e5 Nd5 6. cxd4 d6 7. exd6 Bxd6 8.
Nc3 Nxc3 9. bxc3 O-O 10. Be2 Re8 11. O-O h6 12. Be3 Qf6 13. c4 Bd7 14. Rb1 b6
15. c5 Bf4 16. d5 Ne5 17. Bxf4 Qxf4 18. Nxe5 Qxe5 19. Bf3 bxc5 20. Qd2 Rab8 21.
Qa5 Rxb1 22. Rxb1 c4 23. h3 Bf5 24. Rc1 Bd3 25. a4 Qb2 26. Re1 Rxe1+ 27. Qxe1
Kf8 28. Qe3 c3 29. Qc5+ Kg8 30. Bd1 c2 31. Bxc2 Qxc2 32. Qxa7 Qc4 33. a5 Qc1+
34. Kh2 Qf4+ 35. Kg1 Qd6 36. Qb8+ Kh7 37. Qb3 Ba6 38. Qb1+ g6 39. Qb3 h5 40.
Qf3 Kg7 41. Qc3+ Kg8 42. Qb3 Kf8 43. Qc3 Bb7 44. Qh8+ Ke7 45. Qb8 Ba6 46. Qb3
Kd7 47. Qf3 Ke7 48. Qe3+ Kd8 49. Qf3 f5 50. Qb3 Bc8 51. Qb8 Qxd5 52. a6 Kd7 53.
a7 Bb7 54. Qh8 Qxg2# 0-1

[Event "GRE-ch U14"]
[Site "Greece"]
[Date "2014.07.05"]
[Round "2"]
[White "Dermitzakis, Pavlos"]
[Black "Sofronas, Andreas"]
[Result "1-0"]
[WhiteElo "1561"]
[BlackElo "1319"]
[PlyCount "60"]
[EventDate "2014.07.04"]
[EventType "swiss"]
[EventRounds "9"]
[EventCountry "GRE"]
[SourceTitle "OM OTB B 201907"]
[Source "Opening Master"]
[SourceDate "2019.07.06"]
[SourceVersion "2"]
[SourceVersionDate "2019.07.06"]
[SourceQuality "1"]

1. e4 e5 2. Nf3 Nc6 3. c3 Nf6 4. d4 exd4 5. e5 Nd5 6. cxd4 Bb4+ 7. Bd2 Bxd2+ 8.
Qxd2 O-O 9. Bd3 d6 10. O-O dxe5 11. dxe5 Kh8 12. a3 Bg4 13. Be4 Bxf3 14. Bxf3
Nb6 15. Bxc6 Qxd2 16. Nxd2 bxc6 17. Rac1 Rfe8 18. Rxc6 Nd5 19. f4 Rab8 20. Nc4
Re7 21. g3 Nb6 22. Ne3 Na4 23. b4 Nb6 24. Rfc1 Rb7 25. Kf2 Rd7 26. Ke2 h6 27.
Rd1 Rxd1 28. Kxd1 Kh7 29. f5 Nd7 30. Nc4 Rb5 1-0

[Event "Karvina op"]
[Site "Karvina"]
[Date "2014.07.04"]
[Round "7"]
[White "Reznicek, Marcel"]
[Black "Lojek, Marek"]
[Result "0-1"]
[WhiteElo "2082"]
[BlackElo "1780"]
[PlyCount "114"]
[EventDate "2014.06.28"]
[EventType "swiss"]
[EventRounds "9"]
[EventCountry "CZE"]
[SourceTitle "CBM 161 Extra"]
[Source "ChessBase"]
[SourceDate "2014.08.29"]
[SourceVersion "1"]
[SourceVersionDate "2014.08.29"]
[SourceQuality "1"]

1. e4 e5 2. Nf3 Nc6 3. c3 d5 4. Qa4 f6 5. exd5 Qxd5 6. d4 Bd7 7. Bb5 e4 8. c4
Qd6 9. c5 Qe7 10. Nfd2 Nxd4 11. Qxd4 Bxb5 12. Nc3 Bc6 13. O-O Qxc5 14. Qxc5
Bxc5 15. Ndxe4 Bb6 16. a4 O-O-O 17. a5 Bd4 18. Ng3 Ne7 19. Bd2 a6 20. Rfe1
Bxf2+ 21. Kxf2 Rxd2+ 22. Re2 Rxe2+ 23. Ngxe2 Rd8 24. g4 Nd5 25. Nxd5 Rxd5 26.
Nf4 Rd2+ 27. Kg3 g5 28. Nh5 Rg2+ 29. Kh3 Rxb2 30. Kg3 Rb3+ 31. Kf2 Kb8 32. Rd1
f5 33. Rd8+ Ka7 34. gxf5 Rf3+ 35. Ke2 Rxf5 36. Ng3 Rxa5 37. Ke3 b5 38. Rh8 b4
39. Kd3 Rb5 40. Kc2 b3+ 41. Kb2 a5 42. Rxh7 Kb6 43. Ne2 a4 44. Nc3 Rb4 45. Ka3
Rf4 46. Nd1 Rf1 47. Ne3 Re1 48. Nc4+ Kc5 49. Rxc7 Ra1+ 50. Kb2 Ra2+ 51. Kb1
Kxc4 52. Rxc6+ Kb4 53. Rb6+ Ka3 54. Rf6 Rxh2 55. Rf1 g4 56. Rg1 g3 57. Kc1 b2+
0-1

[Event "Barbera del Valles op 37th"]
[Site "Barbera del Valles"]
[Date "2014.07.04"]
[Round "1"]
[White "Saptarshi, Roy"]
[Black "Jordan Arenas, Manuel"]
[Result "1-0"]
[WhiteElo "2449"]
[BlackElo "2175"]
[PlyCount "63"]
[EventDate "2014.07.04"]
[EventType "swiss"]
[EventRounds "9"]
[EventCountry "ESP"]
[SourceTitle "CBM 161 Extra"]
[Source "ChessBase"]
[SourceDate "2014.08.29"]
[SourceVersion "1"]
[SourceVersionDate "2014.08.29"]
[SourceQuality "1"]

1. e4 e5 2. Nf3 Nc6 3. c3 d5 4. Qa4 Nf6 5. Nxe5 Bd6 6. Nxc6 bxc6 7. d3 O-O 8.
Be2 dxe4 9. dxe4 Nxe4 10. Qxe4 Re8 11. Qf3 Qh4 12. Be3 Rb8 13. b3 g5 14. g3 Qh3
15. Bf1 Qe6 16. Qh5 Qf6 17. Bd3 h6 18. O-O c5 19. Nd2 Bb7 20. h4 Rxe3 21. fxe3
Qe6 22. e4 Bd5 23. Rf5 Be5 24. exd5 Bd4+ 25. cxd4 Qe3+ 26. Kh1 Qxd3 27. Qxf7+
Kh8 28. Qf6+ Kh7 29. Qe7+ Kg8 30. Qe6+ Kg7 31. Rf7+ Kg8 32. Rf3+ 1-0

[Event "FICS rated standard game"]
[Site "FICS freechess.org"]
[Date "2014.07.04"]
[Round "?"]
[White "drinkeh"]
[Black "NoPawnPlease"]
[Result "1-0"]
[WhiteElo "2177"]
[BlackElo "2124"]
[PlyCount "57"]
[EventDate "2014.??.??"]
[SourceTitle "OM Portal C 201906"]
[Source "Opening Master"]
[SourceDate "2019.06.27"]
[SourceVersion "1"]
[SourceVersionDate "2019.06.27"]
[SourceQuality "1"]

1. e4 e5 2. Nf3 Nc6 3. c3 d5 4. Qa4 dxe4 5. Nxe5 Qd5 6. Nxc6 bxc6 7. Bc4 Qd7 8.
d3 exd3 9. Bf4 Nf6 10. Nd2 Nd5 11. Bxd5 cxd5 12. Qa5 c5 13. O-O Be7 14. Rfe1
O-O 15. Nf3 Bd6 16. Bxd6 Qxd6 17. h3 Qb6 18. Qa3 Bf5 19. Re7 Rfe8 20. Rae1 Be4
21. Rxe8+ Rxe8 22. Nd2 c4 23. b3 Rc8 24. bxc4 h6 25. cxd5 Bxd5 26. c4 Bxc4 27.
Nxc4 Rxc4 28. Re8+ Kh7 29. Qxd3+ 1-0

[Event "FICS rated standard game"]
[Site "FICS freechess.org"]
[Date "2014.07.04"]
[Round "?"]
[White "NoPawnPlease"]
[Black "coalindia"]
[Result "0-1"]
[WhiteElo "2117"]
[BlackElo "2097"]
[PlyCount "48"]
[EventDate "2014.??.??"]
[SourceTitle "OM Portal C 201906"]
[Source "Opening Master"]
[SourceDate "2019.06.27"]
[SourceVersion "1"]
[SourceVersionDate "2019.06.27"]
[SourceQuality "1"]

1. e4 e5 2. Nf3 Nc6 3. c3 d5 4. Qa4 Nf6 5. Nxe5 Bd6 6. Nxc6 bxc6 7. exd5 O-O 8.
d4 Re8+ 9. Be3 cxd5 10. Bb5 Rxe3+ 11. fxe3 Qe7 12. Kd2 Ne4+ 13. Kc1 Rb8 14. Re1
Qh4 15. g3 Qxh2 16. Re2 Qg1+ 17. Kc2 Bf5 18. Bd3 Nxg3 19. Rd2 Nf1 20. Bxf5
Nxe3+ 21. Kd3 Qf1+ 22. Re2 Nc4 23. Nd2 Qxf5+ 24. Ne4 Qf3+ 0-1

[Event "FICS rated standard game"]
[Site "FICS freechess.org"]
[Date "2014.07.03"]
[Round "?"]
[White "GriffySr"]
[Black "rabbitshah"]
[Result "1-0"]
[WhiteElo "2150"]
[BlackElo "2000"]
[PlyCount "21"]
[EventDate "2014.??.??"]
[SourceTitle "OM Portal C 201906"]
[Source "Opening Master"]
[SourceDate "2019.06.27"]
[SourceVersion "1"]
[SourceVersionDate "2019.06.27"]
[SourceQuality "1"]

1. e4 e5 2. Nf3 Nc6 3. c3 Bc5 4. d4 exd4 5. cxd4 Bb6 6. Nc3 Nf6 7. e5 Ng4 8. h3
Nh6 9. Bg5 f6 10. exf6 O-O 11. f7+ 1-0

[Event "Samara Polugaevsky Memorial 4th"]
[Site "Samara"]
[Date "2014.07.02"]
[Round "1"]
[White "Rumyantsev, Nikolay"]
[Black "Yeletsky, Ivan"]
[Result "0-1"]
[WhiteElo "1745"]
[BlackElo "2209"]
[PlyCount "32"]
[EventDate "2014.07.02"]
[EventType "swiss"]
[EventRounds "9"]
[EventCountry "RUS"]
[SourceTitle "CBM 161 Extra"]
[Source "ChessBase"]
[SourceDate "2014.08.29"]
[SourceVersion "1"]
[SourceVersionDate "2014.08.29"]
[SourceQuality "1"]

1. e4 e5 2. Nf3 Nc6 3. c3 d5 4. Qa4 f6 5. exd5 Qxd5 6. Qb5 Nge7 7. h3 a6 8. Qe2
e4 9. Nh2 Ne5 10. d4 exd3 11. Qd1 Nf5 12. Nd2 Bc5 13. Nhf3 Qe6 14. Ne4 Ng4 15.
hxg4 Qxe4+ 16. Kd2 Be3+ 0-1

[Event "FICGS__CHESS__RAPID_M__000073"]
[Site "FICGS"]
[Date "2014.06.29"]
[Round "1"]
[White "Murray, Russell"]
[Black "Leperlier, Gabriel"]
[Result "1/2-1/2"]
[WhiteElo "2142"]
[BlackElo "2171"]
[PlyCount "95"]
[EventDate "2014.??.??"]
[EventType "rapid"]
[SourceTitle "OM Corr 202003"]
[Source "Opening Master"]
[SourceDate "2019.05.30"]
[SourceVersion "2"]
[SourceVersionDate "2019.05.30"]
[SourceQuality "1"]

1. e4 e5 2. Nf3 Nc6 3. c3 Nf6 4. d4 exd4 5. e5 Nd5 6. Qb3 Nb6 7. cxd4 d6 8. Bb5
Be6 9. Bxc6+ bxc6 10. Qc2 Qd7 11. O-O h6 12. Bd2 Rd8 13. Nc3 Bf5 14. Qd1 Be7
15. Re1 O-O 16. Bf4 f6 17. exd6 cxd6 18. Nh4 Bh7 19. Qh5 Qe8 20. Qg4 g5 21.
Qe6+ Rf7 22. Bxd6 Rxd6 23. Qxd6 gxh4 24. Qf4 Qd7 25. Qxh6 h3 26. Re3 hxg2 27.
Rae1 Bf8 28. Rg3+ Kh8 29. Qh4 Nd5 30. Nxd5 Qxd5 31. a3 Qd7 32. b4 f5 33. Rg6
Bg7 34. Rge6 Rf8 35. Qh5 Bf6 36. Re8 Rxe8 37. Qxe8+ Qxe8 38. Rxe8+ Kg7 39. Rc8
Bg6 40. a4 Bxd4 41. a5 f4 42. Kxg2 Bf7 43. Rc7 Kf8 44. Kg1 Be8 45. h4 Kg8 46.
Kg2 Bf7 47. Rd7 Bd5+ 48. f3 1/2-1/2

[Event "TUR-chT2"]
[Site "Konya"]
[Date "2014.06.27"]
[Round "7.8"]
[White "Yordanova, Svetla"]
[Black "Ozefe, Begum"]
[Result "1-0"]
[WhiteElo "2101"]
[BlackElo "1396"]
[PlyCount "39"]
[EventDate "2014.06.23"]
[EventType "team-swiss"]
[EventRounds "9"]
[EventCountry "TUR"]
[SourceTitle "CBM 161 Extra"]
[Source "ChessBase"]
[SourceDate "2014.08.29"]
[SourceVersion "1"]
[SourceVersionDate "2014.08.29"]
[SourceQuality "1"]
[WhiteTeam "Karaman Belediye"]
[BlackTeam "Sader"]
[WhiteTeamCountry "TUR"]
[BlackTeamCountry "TUR"]

1. e4 e5 2. Nf3 Nc6 3. c3 Nf6 4. d4 exd4 5. e5 Nd5 6. cxd4 Bb4+ 7. Bd2 Bxd2+ 8.
Nbxd2 d6 9. Bb5 Bd7 10. exd6 cxd6 11. O-O O-O 12. Bc4 Nf4 13. Re1 Bg4 14. h3
Bh5 15. Qb3 Na5 16. Qe3 Qf6 17. Bf1 Nc6 18. Kh1 Rfe8 19. Qxe8+ Rxe8 20. Rxe8#
1-0

[Event "RN-2014-0-00815"]
[Site "Lechenicher SchachServer"]
[Date "2014.06.25"]
[Round "?"]
[White "Ortega, Rayner"]
[Black "Gorman, Andrew"]
[Result "0-1"]
[WhiteElo "562"]
[BlackElo "844"]
[PlyCount "34"]
[EventDate "2014.06.15"]

1. e4 e5 2. Nf3 Nc6 3. c3 Nf6 4. Bd3 Bc5 5. b4 Bb6 6. O-O O-O 7. a4 a6 8. Ba3
d6 9. h3 Bd7 10. a5 Ba7 11. Bc4 Be6 12. Bxe6 fxe6 13. d3 h6 14. Nbd2 Qd7 15.
Nh2 Rf7 16. Ndf3 Ne7 17. Re1 c6 0-1